Top 25 Fenerbahçe Goalscorers - Statistics

General Stats
  • This quiz has been taken 405 times
  • The average score is 12 of 25
Answer Stats
Goals Nationality Answer % Correct
171 Brazil Alex
99%
75 Senegal / France Moussa Sow
87%
36 Netherlands Robin van Persie
79%
160 Turkey Aykut Kocaman
71%
87 Turkey Semih Şentürk
66%
74 Turkey Tuncay Şanlı
61%
35 Spain Dani Güiza
57%
37 Netherlands Dirk Kuyt
55%
76 Bosnia-Herzegovina / Turkey Elvir Bolic
53%
40 Brazil / Portugal Deivid
49%
33 Cameroon / Spain Pierre Webo
49%
32 Nigeria / Turkey Jay-Jay Okocha
47%
55 Brazil / Turkey Mert Nobre
46%
34 Netherlands / Morocco Pierre van Hooijdonk
45%
34 Israel Haim Revivo
41%
49 Turkey / Germany Serhat Akın
40%
30 Serbia Mateja Kezman
38%
50 Brazil Fernandao
34%
31 Turkey Rıdvan Dilmen
34%
33 Turkey Emre Belözoğlu
31%
54 Turkey Tanju Çolak
27%
57 Turkey Oğuz Çetin
25%
34 Romania Viorel Moldovan
24%
29 Brazil Cristian Baroni
21%
48 Turkey Bülent Uygun
14%
No matching quizzes found
Score Distribution
Percent of People with Each Score
Percentile by Number Answered
Your Score History
You have not taken this quiz